[Event "Hull CC-ch C"]
[Site "Gatineau CAN"]
[Date "2007.03.20"]
[Round "2"]
[White "Jiang, Qizhe"]
[Black "Kennedy, Phillip"]
[Result "1-0"]
[WhiteElo "959"]
[BlackElo "1291"]
[PlyCount "158"]
[GameId "2160767910709988"]
[EventDate "2007.03.13"]
[EventType "swiss"]
[EventRounds "5"]
[EventCountry "CAN"]

1. e4 c5 2. Nf3 Nc6 3. Nc3 e5 4. g3 Nf6 5. Bg2 Be7 6. d3 d5 7. exd5 Nxd5 8. Nxe5 Nxc3 9. Nxc6 Nxd1 10. Nxd8 Bxd8 11. Kxd1 O-O 12. Re1 Bf6 13. Rb1 Rb8 14. Bf4 Ra8 15. Bd6 Rd8 16. Bxc5 Bd4 17. Bxd4 Bg4+ 18. f3 Rxd4 19. fxg4 Rb8 20. Bf3 Kf8 21. Kd2 b6 22. c3 Rd6 23. h4 a5 24. g5 g6 25. h5 Rbd8 26. d4 f6 27. hxg6 hxg6 28. gxf6 Rxf6 29. Be4 Kg7 30. Re2 Rdf8 31. Bg2 Rf2 32. Be4 R2f6 33. Rd1 Rf2 34. Rc1 g5 35. c4 R2f6 36. Ke3 Kf7 37. d5 Ke7 38. Rd2 Kd6 39. Kd4 Rc8 40. b3 Rc7 41. Rcc2 Rf1 42. Bg2 Rff7 43. Rf2 g4 44. Rxf7 Rxf7 45. Be4 Rf1 46. c5+ bxc5+ 47. Rxc5 Rd1+ 48. Ke3 Kxc5 49. Bd3 Kxd5 50. Bf5 Ra1 51. Bxg4 Rxa2 52. Bd1 Ke5 53. Kf3 Rd2 54. Be2 Kd4 55. g4 Kc3 56. g5 Kxb3 57. g6 Rd7 58. Bb5 Rg7 59. Be8 a4 60. Bxa4+ Kxa4 61. Kg4 Rxg6+ 62. Kf5 Rb6 63. Ke5 Kb4 64. Kd5 Kb5 65. Kd4 Rc6 66. Kd5 Rc1 67. Kd4 Rc8 68. Kd5 Rd8+ 69. Ke5 Kc5 70. Ke6 Rd2 71. Ke7 Kc6 72. Ke8 Kc7 73. Ke7 Re2+ 74. Kf7 Kd6 75. Kf8 Kd7 76. Kg7 Ke7 77. Kg8 Rg2+ 78. Kh8 Kf7 79. Kh7 Rh2# 1-0

[Event "Hull CC-ch C"]
[Site "Gatineau CAN"]
[Date "2007.03.20"]
[Round "2"]
[White "Lacourse, Guy"]
[Black "Pilon, Robert"]
[Result "0-1"]
[WhiteElo "1618"]
[BlackElo "1545"]
[PlyCount "80"]
[GameId "2160767910709989"]
[EventDate "2007.03.13"]
[EventType "swiss"]
[EventRounds "5"]
[EventCountry "CAN"]
[SourceTitle "EXT 2022"]
[Source "ChessBase"]
[SourceDate "2021.10.06"]
[SourceVersion "1"]
[SourceVersionDate "2021.10.06"]
[SourceQuality "1"]

1. Nf3 Nf6 2. g3 d5 3. d4 c5 4. c4 dxc4 5. Qa4+ Nc6 6. Qxc4 cxd4 7. Bg2 Qd5 8. Qxd5 Nxd5 9. O-O e5 10. Nxe5 Be6 11. Nd3 g6 12. Nf4 Rd8 13. Nxd5 Bxd5 14. Bg5 Bxg2 15. Kxg2 Rd6 16. Nd2 Bg7 17. Ne4 Re6 18. Nd2 O-O 19. Nf3 Rxe2 20. Bd2 Rfe8 21. Rfd1 Rd8 22. Kf1 d3 23. Ne1 Re4 24. Rab1 Rc4 25. Rdc1 Rxc1 26. Rxc1 Rd7 27. b3 Kf8 28. Rc4 Ne5 29. Rc8+ Ke7 30. f4 Nc6 31. Nf3 a6 32. h4 Bd4 33. b4 h6 34. a4 Ke6 35. b5 axb5 36. axb5 Na7 37. Re8+ Kd5 38. Nxd4 Kxd4 39. Be3+ Kc3 40. b6 Nc6 0-1

[Event "Hull CC-ch C"]
[Site "Gatineau CAN"]
[Date "2007.03.20"]
[Round "2"]
[White "Toulouse, Raphael"]
[Black "Levesque, Andre"]
[Result "0-1"]
[WhiteElo "1291"]
[BlackElo "1400"]
[PlyCount "70"]
[GameId "2160767910709990"]
[EventDate "2007.03.13"]
[EventType "swiss"]
[EventRounds "5"]
[EventCountry "CAN"]
[SourceTitle "EXT 2022"]
[Source "ChessBase"]
[SourceDate "2021.10.06"]
[SourceVersion "1"]
[SourceVersionDate "2021.10.06"]
[SourceQuality "1"]

1. d4 f5 2. Nf3 Nf6 3. Bg5 e6 4. e3 Be7 5. Be2 O-O 6. O-O d6 7. c3 Nbd7 8. Qb3 Nb6 9. Nbd2 c6 10. Nc4 Nxc4 11. Bxc4 d5 12. Bd3 Qe8 13. Ne5 Ne4 14. Bxe7 Qxe7 15. Qd1 Qd6 16. f3 Nf6 17. f4 Nd7 18. Nf3 b5 19. b4 Nb6 20. Ne5 Nc4 21. Bxc4 dxc4 22. a4 a6 23. axb5 cxb5 24. Qh5 Bb7 25. g4 Qd5 26. Rf3 fxg4 27. Qxg4 Rf5 28. Ra2 Rxe5 29. Rg2 g6 30. Rfg3 Rf5 31. h4 Kf7 32. Qh3 Qe4 33. Re2 Qd3 34. Qf1 Qxc3 35. Rg5 Qxb4 0-1

[Event "Hull CC-ch C"]
[Site "Gatineau CAN"]
[Date "2007.03.27"]
[Round "3"]
[White "Berthiaume, Patrick"]
[Black "Jiang, Qizhe"]
[Result "1-0"]
[WhiteElo "1028"]
[BlackElo "959"]
[PlyCount "57"]
[GameId "2160767910709991"]
[EventDate "2007.03.13"]
[EventType "swiss"]
[EventRounds "5"]
[EventCountry "CAN"]
[SourceTitle "EXT 2022"]
[Source "ChessBase"]
[SourceDate "2021.10.06"]
[SourceVersion "1"]
[SourceVersionDate "2021.10.06"]
[SourceQuality "1"]

1. e4 e5 2. Nf3 Nc6 3. Bc4 d6 4. Nc3 Nf6 5. Ng5 Be6 6. Bxe6 fxe6 7. Nxe6 Qe7 8. Nxf8 Rxf8 9. O-O Rd8 10. d3 a6 11. Bg5 h6 12. Bxf6 gxf6 13. Nd5 Qd7 14. Qf3 Qf7 15. c3 Rc8 16. Qh3 Ne7 17. Nxe7 Kxe7 18. Qxh6 Rh8 19. Qe3 Qh7 20. h3 Ra8 21. Rfd1 Rhg8 22. Rd2 Qg7 23. g3 Rh8 24. Kg2 Qg8 25. b3 a5 26. c4 c5 27. a4 b6 28. h4 Qg6 29. Rh1 1-0

[Event "Hull CC-ch C"]
[Site "Gatineau CAN"]
[Date "2007.03.27"]
[Round "3"]
[White "Chirokova, Elena"]
[Black "Blouin, Francois"]
[Result "0-1"]
[WhiteElo "1352"]
[BlackElo "1516"]
[PlyCount "140"]
[GameId "2160767910709992"]
[EventDate "2007.03.13"]
[EventType "swiss"]
[EventRounds "5"]
[EventCountry "CAN"]
[SourceTitle "EXT 2022"]
[Source "ChessBase"]
[SourceDate "2021.10.06"]
[SourceVersion "1"]
[SourceVersionDate "2021.10.06"]
[SourceQuality "1"]

1. e4 e6 2. d4 d5 3. e5 c5 4. c3 Nc6 5. Bb5 Bd7 6. Nf3 Qb6 7. Ba4 Nge7 8. O-O Nf5 9. a3 cxd4 10. cxd4 Ncxd4 11. Bxd7+ Kxd7 12. Nxd4 Qxd4 13. Qxd4 Nxd4 14. Nd2 Ne2+ 15. Kh1 Nxc1 16. Raxc1 Be7 17. f4 Rac8 18. Nf3 h6 19. g3 Rxc1 20. Rxc1 Rc8 21. Rxc8 Kxc8 22. Nd4 a6 23. Kg2 Kc7 24. Kf3 Bc5 25. Nb3 b6 26. h4 a5 27. a4 Kb7 28. g4 Ka6 29. h5 Kb7 30. Nc1 Bd4 31. Nd3 Kc6 32. b3 b5 33. f5 bxa4 34. bxa4 Kd7 35. Kf4 Ke7 36. g5 exf5 37. Kxf5 hxg5 38. Kxg5 Ke6 39. Kf4 f6 40. exf6 Kxf6 41. Kg4 Be5 42. Nc5 d4 43. Nd3 Ke6 44. Nc5+ Kd5 45. Nb3 d3 46. Kf3 Bc3 47. Ke3 Kc4 48. Nd2+ Bxd2+ 49. Kxd2 Kd4 50. Kd1 Kc3 51. Kc1 Kb3 52. Kd2 Kxa4 53. Kxd3 Kb4 54. Kc2 a4 55. Kb2 a3+ 56. Ka2 Kc4 57. Kxa3 Kd5 58. Kb3 Ke5 59. Kc3 Kf5 60. Kd3 Kg5 61. Ke3 Kxh5 62. Kf3 Kg5 63. Kg3 g6 64. Kg2 Kg4 65. Kg1 Kg3 66. Kh1 g5 67. Kg1 g4 68. Kh1 Kf2 69. Kh2 g3+ 70. Kh1 g2+ 0-1

[Event "Hull CC-ch C"]
[Site "Gatineau CAN"]
[Date "2007.03.27"]
[Round "3"]
[White "Dallaire, Dominic"]
[Black "Baril Boudreau, Felix"]
[Result "1-0"]
[WhiteElo "1873"]
[BlackElo "1407"]
[PlyCount "44"]
[GameId "2160767910709993"]
[EventDate "2007.03.13"]
[EventType "swiss"]
[EventRounds "5"]
[EventCountry "CAN"]
[SourceTitle "EXT 2022"]
[Source "ChessBase"]
[SourceDate "2021.10.06"]
[SourceVersion "1"]
[SourceVersionDate "2021.10.06"]
[SourceQuality "1"]

1. e4 Nf6 2. e5 Nd5 3. Nf3 d6 4. d4 g6 5. Bc4 Nb6 6. Bb3 Bg7 7. Bf4 O-O 8. Nbd2 Nc6 9. c3 Bf5 10. O-O dxe5 11. Nxe5 Nxe5 12. Bxe5 Bxe5 13. dxe5 Qd3 14. Nf3 Rad8 15. Nd4 Be4 16. Qg4 Bd5 17. Bc2 Qc4 18. Rfd1 Qc5 19. Rd3 Nc4 20. Re1 Nxb2 21. Rh3 Be6 22. Nxe6 Qc4 1-0

[Event "Hull CC-ch C"]
[Site "Gatineau CAN"]
[Date "2007.03.27"]
[Round "3"]
[White "Jani, Louis"]
[Black "Lacourse, Guy"]
[Result "0-1"]
[WhiteElo "1416"]
[BlackElo "1618"]
[PlyCount "20"]
[GameId "2160767910709994"]
[EventDate "2007.03.13"]
[EventType "swiss"]
[EventRounds "5"]
[EventCountry "CAN"]
[SourceTitle "EXT 2022"]
[Source "ChessBase"]
[SourceDate "2021.10.06"]
[SourceVersion "1"]
[SourceVersionDate "2021.10.06"]
[SourceQuality "1"]

1. f4 c5 2. Nf3 Nc6 3. e3 d6 4. Be2 Nf6 5. O-O g6 6. b3 Bg7 7. Bb2 O-O 8. Nc3 a6 9. Qe1 Nb4 10. Qd1 Nfd5 0-1

[Event "Hull CC-ch C"]
[Site "Gatineau CAN"]
[Date "2007.03.27"]
[Round "3"]
[White "Kennedy, Phillip"]
[Black "Arsenault, Yves"]
[Result "1-0"]
[WhiteElo "1291"]
[BlackElo "1477"]
[PlyCount "81"]
[GameId "2160767910709995"]
[EventDate "2007.03.13"]
[EventType "swiss"]
[EventRounds "5"]
[EventCountry "CAN"]

1. Nf3 c5 2. g3 Nf6 3. Bg2 Nc6 4. O-O d5 5. d4 cxd4 6. Nxd4 e5 7. Nxc6 bxc6 8. c4 Bb7 9. cxd5 cxd5 10. Nc3 e4 11. Nb5 a6 12. Nd4 Rc8 13. Bf4 Rc4 14. b3 Rb4 15. Rc1 Qb6 16. e3 Bd6 17. a3 Rxd4 18. Qxd4 Qxd4 19. exd4 Bxf4 20. gxf4 O-O 21. Rc7 Bc8 22. Rfc1 Be6 23. Ra7 Nh5 24. Bf1 Nxf4 25. Rxa6 Bg4 26. Rc2 Bd1 27. Rb2 Ne6 28. Rd6 Nxd4 29. Rxd5 Nf3+ 30. Kh1 Bxb3 31. Rxb3 f5 32. Bc4 Kh8 33. Rd7 Ne5 34. Rc7 Ng4 35. Rbb7 Nf6 36. Rxg7 f4 37. Rgf7 Rxf7 38. Rxf7 Nh5 39. Rf5 Kg7 40. Rxh5 Kg6 41. Rb5 1-0

[Event "Hull CC-ch C"]
[Site "Gatineau CAN"]
[Date "2007.03.27"]
[Round "3"]
[White "Laurin, Jacques"]
[Black "Charland, Roger"]
[Result "1-0"]
[WhiteElo "1799"]
[BlackElo "1556"]
[PlyCount "21"]
[GameId "2160767910709996"]
[EventDate "2007.03.13"]
[EventType "swiss"]
[EventRounds "5"]
[EventCountry "CAN"]
[SourceTitle "EXT 2022"]
[Source "ChessBase"]
[SourceDate "2021.10.06"]
[SourceVersion "1"]
[SourceVersionDate "2021.10.06"]
[SourceQuality "1"]

1. c4 Nf6 2. Nf3 g6 3. Nc3 Bg7 4. e4 d6 5. d4 O-O 6. Be2 c5 7. d5 Nbd7 8. O-O Ng4 9. Ng5 e5 10. f4 f6 11. Ne6 1-0

[Event "Hull CC-ch C"]
[Site "Gatineau CAN"]
[Date "2007.03.27"]
[Round "3"]
[White "Levesque, Andre"]
[Black "Villeneuve, Luc"]
[Result "1-0"]
[WhiteElo "1400"]
[BlackElo "1591"]
[PlyCount "163"]
[GameId "2160767910709997"]
[EventDate "2007.03.13"]
[EventType "swiss"]
[EventRounds "5"]
[EventCountry "CAN"]
[SourceTitle "EXT 2022"]
[Source "ChessBase"]
[SourceDate "2021.10.06"]
[SourceVersion "1"]
[SourceVersionDate "2021.10.06"]
[SourceQuality "1"]

1. e4 Nc6 2. Nf3 d6 3. Nc3 Bg4 4. Be2 e5 5. O-O Nf6 6. d3 h6 7. Be3 Be7 8. a3 O-O 9. Qd2 Re8 10. Rad1 Bf8 11. h3 Bxf3 12. Bxf3 Nd4 13. Bxd4 exd4 14. Ne2 c5 15. c3 Qb6 16. cxd4 cxd4 17. Ng3 g6 18. Rfe1 Nd7 19. b4 Ne5 20. Be2 a6 21. Nf1 Bg7 22. Nh2 g5 23. f4 gxf4 24. Qxf4 Ng6 25. Qf2 Be5 26. Ng4 Bf4 27. g3 Bg5 28. Bf3 h5 29. h4 hxg4 30. hxg5 gxf3 31. Qxf3 Qd8 32. Rf1 Ne5 33. Qh5 Re6 34. Kg2 Kg7 35. Rh1 Qg8 36. Rh4 Rc8 37. Rd2 Rc1 38. Rf2 Re1 39. Rhf4 Rg6 40. Rf6 Qh7 41. Rxf7+ Nxf7 42. Rxf7+ Kxf7 43. Qxh7+ Rg7 44. Qf5+ Kg8 45. Qe6+ Kh7 46. Qxd6 Rxg5 47. Qxd4 Re2+ 48. Kf3 Ra2 49. Kf4 Rg7 50. e5 Rxa3 51. e6 b5 52. Qe3 Ra4 53. Qe4+ Kg8 54. Ke5 a5 55. Qa8+ Kh7 56. Kd6 Rxb4 57. Kc5 Rbg4 58. Kxb5 Rxg3 59. Qe4+ Kg8 60. e7 R7g5+ 61. Kc6 Rg6+ 62. Kd7 Kh8 63. Qxg6 Rxg6 64. e8=Q+ Kh7 65. Qe4 Kg7 66. Qe5+ Kh6 67. Qxa5 Rg7+ 68. Ke8 Rg8+ 69. Kd7 Rg7+ 70. Ke6 Rg6+ 71. Kd7 Rg7+ 72. Kc6 Rg6+ 73. Kb7 Rg7+ 74. Qc7 Rxc7+ 75. Kxc7 Kg5 76. Kd6 Kf4 77. Kd5 Kf5 78. d4 Kf6 79. Kd6 Kf5 80. d5 Kf6 81. Kc7 Ke5 82. d6 1-0

[Event "Hull CC-ch C"]
[Site "Gatineau CAN"]
[Date "2007.03.27"]
[Round "3"]
[White "Pilon, Robert"]
[Black "Iyamuremye, Gervais"]
[Result "1-0"]
[WhiteElo "1545"]
[BlackElo "1604"]
[PlyCount "93"]
[GameId "2160767910709998"]
[EventDate "2007.03.13"]
[EventType "swiss"]
[EventRounds "5"]
[EventCountry "CAN"]
[SourceTitle "EXT 2022"]
[Source "ChessBase"]
[SourceDate "2021.10.06"]
[SourceVersion "1"]
[SourceVersionDate "2021.10.06"]
[SourceQuality "1"]

1. e4 d6 2. d4 e6 3. Nf3 Be7 4. c4 b6 5. Nc3 Bb7 6. Bd3 Nf6 7. O-O O-O 8. Re1 h6 9. e5 Nh7 10. Qc2 Ng5 11. Nxg5 Bxg5 12. Ne4 Bxc1 13. Raxc1 Na6 14. a3 Rc8 15. Qe2 dxe5 16. c5 Nb8 17. dxe5 Qd4 18. cxb6 cxb6 19. Rxc8 Rxc8 20. Nd6 Rc7 21. Nxb7 Rxb7 22. Rc1 Qd8 23. Qe4 Rd7 24. Qh7+ Kf8 25. Rc8 Rxd3 26. Rxd8+ Rxd8 27. Qc2 Nc6 28. f4 Na5 29. Kf2 g6 30. b4 Nb7 31. Qc7 Rd2+ 32. Ke3 Rxg2 33. Qxb7 Rxh2 34. Qxa7 h5 35. Kf3 Rh3+ 36. Kg2 Rc3 37. Qxb6 Rxa3 38. b5 Rb3 39. Qd8+ Kg7 40. b6 Rb2+ 41. Kg3 Rb3+ 42. Kh4 Rb1 43. Qd4 Kg8 44. Qc5 Kg7 45. Qc6 Rb4 46. Kg5 Rb1 47. b7 1-0

[Event "Hull CC-ch C"]
[Site "Gatineau CAN"]
[Date "2007.03.27"]
[Round "3"]
[White "Rainey, Ivan"]
[Black "Berthiaume, Serge"]
[Result "0-1"]
[WhiteElo "1211"]
[BlackElo "1193"]
[PlyCount "54"]
[GameId "2160767910709999"]
[EventDate "2007.03.13"]
[EventType "swiss"]
[EventRounds "5"]
[EventCountry "CAN"]
[SourceTitle "EXT 2022"]
[Source "ChessBase"]
[SourceDate "2021.10.06"]
[SourceVersion "1"]
[SourceVersionDate "2021.10.06"]
[SourceQuality "1"]

1. e4 e5 2. Nf3 Nc6 3. Bc4 Nf6 4. Ng5 d5 5. exd5 Nxd5 6. d3 Be7 7. Ne4 Nf6 8. Nxf6+ Bxf6 9. O-O O-O 10. Nc3 Ne7 11. Ne4 Nf5 12. Nxf6+ Qxf6 13. Bd5 c6 14. Be4 Be6 15. c4 Rad8 16. b4 Bxc4 17. Qc2 Bd5 18. Bd2 Bxe4 19. dxe4 Nd4 20. Qc1 Ne2+ 21. Kh1 Nxc1 22. Raxc1 Rxd2 23. a4 Rxf2 24. Rfd1 Rd8 25. Rxd8+ Qxd8 26. Kg1 Rd2 27. Rc5 Qf6 0-1

[Event "Hull CC-ch C"]
[Site "Gatineau CAN"]
[Date "2007.03.27"]
[Round "3"]
[White "Sabourin, Yves"]
[Black "Dupont, Claude"]
[Result "0-1"]
[WhiteElo "1261"]
[BlackElo "1419"]
[PlyCount "84"]
[GameId "2160767910710000"]
[EventDate "2007.03.13"]
[EventType "swiss"]
[EventRounds "5"]
[EventCountry "CAN"]
[SourceTitle "EXT 2022"]
[Source "ChessBase"]
[SourceDate "2021.10.06"]
[SourceVersion "1"]
[SourceVersionDate "2021.10.06"]
[SourceQuality "1"]

1. d4 d5 2. c4 e6 3. Nc3 Nf6 4. Nf3 Be7 5. Bf4 dxc4 6. e4 Nh5 7. Be3 c6 8. e5 g6 9. Bxc4 Ng7 10. Bd3 b5 11. O-O Nd7 12. Be4 Qc7 13. Nxb5 Qb6 14. Nc3 Ba6 15. Re1 f5 16. exf6 Nxf6 17. Bd3 Bxd3 18. Qxd3 Qxb2 19. Rab1 Qa3 20. Rb3 Qd6 21. Qc4 Nd5 22. Rc1 O-O 23. Bh6 Rfc8 24. Ne4 Qc7 25. Bxg7 Kxg7 26. Ne5 Qa5 27. Rc2 Rc7 28. Nc5 Bxc5 29. dxc5 Qe1+ 30. Qf1 Qxe5 31. Re2 Qf6 32. Qe1 Re8 33. Rf3 Qe7 34. Qa1+ Kg8 35. Rc2 Rf8 36. Qd1 Rxf3 37. Qxf3 Qf7 38. Qb3 Kg7 39. Rc4 Rb7 40. Qc2 Qf5 41. Re4 Nf6 42. Rb4 Rxb4 0-1

[Event "Hull CC-ch C"]
[Site "Gatineau CAN"]
[Date "2007.03.27"]
[Round "3"]
[White "Scantland, Patrick"]
[Black "Ralchenko, Maxim"]
[Result "1-0"]
[WhiteElo "1722"]
[BlackElo "1579"]
[PlyCount "95"]
[GameId "2160767910710001"]
[EventDate "2007.03.13"]
[EventType "swiss"]
[EventRounds "5"]
[EventCountry "CAN"]
[SourceTitle "EXT 2022"]
[Source "ChessBase"]
[SourceDate "2021.10.06"]
[SourceVersion "1"]
[SourceVersionDate "2021.10.06"]
[SourceQuality "1"]

1. d4 f5 2. c4 Nf6 3. Nc3 e6 4. g3 Be7 5. Bg2 O-O 6. Nf3 d5 7. cxd5 exd5 8. Bf4 Nc6 9. O-O Ne4 10. e3 g5 11. Be5 Be6 12. Rc1 g4 13. Nd2 Nxe5 14. Ndxe4 fxe4 15. dxe5 c6 16. Qb3 Qc7 17. Nxd5 Qd7 18. Nxe7+ Qxe7 19. Qc2 Rf3 20. Qxe4 Bf5 21. Qc4+ Be6 22. Qc3 Raf8 23. Rcd1 Qf7 24. Qd2 Bc4 25. Bxf3 Qxf3 26. e4 Bxf1 27. Rxf1 Qxe4 28. Re1 Qf5 29. e6 Re8 30. Qe3 b6 31. Qe4 Qf3 32. Re3 Qd1+ 33. Kg2 Qd5 34. Qxd5 cxd5 35. f4 d4 36. Re5 d3 37. f5 Rd8 38. e7 Re8 39. Kf2 Kf7 40. Ke3 Rxe7 41. Rxe7+ Kxe7 42. Kxd3 Kf6 43. Ke4 h5 44. a4 a6 45. b4 Ke7 46. Ke5 Kf7 47. f6 Kf8 48. Kf5 1-0

[Event "Hull CC-ch C"]
[Site "Gatineau CAN"]
[Date "2007.03.27"]
[Round "3"]
[White "Sunatori, Evelyne"]
[Black "Maisonneuve, Paul"]
[Result "0-1"]
[WhiteElo "1103"]
[BlackElo "1451"]
[PlyCount "108"]
[GameId "2160767910710002"]
[EventDate "2007.03.13"]
[EventType "swiss"]
[EventRounds "5"]
[EventCountry "CAN"]
[SourceTitle "EXT 2022"]
[Source "ChessBase"]
[SourceDate "2021.10.06"]
[SourceVersion "1"]
[SourceVersionDate "2021.10.06"]
[SourceQuality "1"]

1. e4 d6 2. Nf3 Nf6 3. Nc3 g6 4. Bc4 Bg7 5. O-O O-O 6. d4 Nxe4 7. Nxe4 d5 8. Bxd5 Qxd5 9. Nc3 Qd8 10. d5 c6 11. Qd2 cxd5 12. Nxd5 e6 13. Nc3 Qc7 14. Nb5 Qb6 15. Nc3 Rd8 16. Qe3 Qc6 17. Qg5 Qe8 18. Bf4 Nc6 19. Bc7 Rd7 20. Nb5 Bf8 21. Rad1 a6 22. Nd6 Qe7 23. Nxc8 Qxg5 24. Nxg5 Rxc7 25. Nd6 Bxd6 26. Rxd6 Ne7 27. Rfd1 Nd5 28. c3 h6 29. Ne4 Kg7 30. h3 Kf8 31. b3 b5 32. Nf6 Ke7 33. Ne4 f5 34. R6xd5 exd5 35. Ng3 Rxc3 36. Rxd5 Rc2 37. a4 bxa4 38. bxa4 Rc4 39. a5 Ke6 40. Rd1 Ra4 41. Re1+ Kf6 42. Ne2 Re8 43. Kf1 Rxa5 44. Rb1 Rb5 45. Nc3 Rxb1+ 46. Nxb1 Re6 47. Nc3 a5 48. Nd5+ Ke5 49. Nc7 Rc6 50. Nb5 a4 51. Na3 Rc3 52. Nb5 Rb3 53. Na7 Kd5 54. Ke2 a3 0-1

[Event "Hull CC-ch C"]
[Site "Gatineau CAN"]
[Date "2007.04.03"]
[Round "4"]
[White "Baril Boudreau, Felix"]
[Black "Berthiaume, Patrick"]
[Result "1-0"]
[WhiteElo "1403"]
[BlackElo "1028"]
[PlyCount "29"]
[GameId "2160767910710003"]
[EventDate "2007.03.13"]
[EventType "swiss"]
[EventRounds "5"]
[EventCountry "CAN"]
[SourceTitle "EXT 2022"]
[Source "ChessBase"]
[SourceDate "2021.10.06"]
[SourceVersion "1"]
[SourceVersionDate "2021.10.06"]
[SourceQuality "1"]

1. e4 e5 2. Nf3 Nc6 3. Bb5 Nf6 4. O-O Nxe4 5. Re1 Nf6 6. Nxe5 Nxe5 7. Rxe5+ Be7 8. d4 c6 9. Bd3 d6 10. Re1 h6 11. Nd2 O-O 12. h3 Qb6 13. Rxe7 Be6 14. Nc4 Qxd4 15. Bh7+ 1-0

[Event "Hull CC-ch C"]
[Site "Gatineau CAN"]
[Date "2007.04.03"]
[Round "4"]
[White "Berthiaume, Serge"]
[Black "Charette, Jean Sebastien"]
[Result "0-1"]
[WhiteElo "1193"]
[BlackElo "1477"]
[PlyCount "70"]
[GameId "2160767910710004"]
[EventDate "2007.03.13"]
[EventType "swiss"]
[EventRounds "5"]
[EventCountry "CAN"]
[SourceTitle "EXT 2022"]
[Source "ChessBase"]
[SourceDate "2021.10.06"]
[SourceVersion "1"]
[SourceVersionDate "2021.10.06"]
[SourceQuality "1"]

1. d4 f5 2. c4 e6 3. Nc3 Nf6 4. Bf4 b6 5. Nb5 d6 6. Rc1 Ba6 7. g3 Bb7 8. Nf3 Nbd7 9. Bg2 Be7 10. O-O h6 11. Qd2 Ng4 12. h3 e5 13. dxe5 dxe5 14. Nxe5 Bxg2 15. Ng6 Rg8 16. Kxg2 Ngf6 17. Nxc7+ Kf7 18. Nxe7 Qxe7 19. Nxa8 Rxa8 20. f3 g5 21. Bd6 Qe6 22. c5 Rd8 23. cxb6 Nxb6 24. Rc7+ Kg8 25. Rc6 Ne8 26. Rd1 Nc4 27. Qc2 Ne3+ 28. Kf2 Nxc2 29. Rd2 Qe3+ 30. Kf1 Qxd2 31. Bc5 Qd5 32. Rxh6 Qxc5 33. Rg6+ Kf7 34. Rxg5 Rd1+ 35. Kg2 Qg1# 0-1

[Event "Hull CC-ch C"]
[Site "Gatineau CAN"]
[Date "2007.04.03"]
[Round "4"]
[White "Dupont, Claude"]
[Black "Blouin, Francois"]
[Result "0-1"]
[WhiteElo "1419"]
[BlackElo "1516"]
[PlyCount "72"]
[GameId "2160767910710005"]
[EventDate "2007.03.13"]
[EventType "swiss"]
[EventRounds "5"]
[EventCountry "CAN"]
[SourceTitle "EXT 2022"]
[Source "ChessBase"]
[SourceDate "2021.10.06"]
[SourceVersion "1"]
[SourceVersionDate "2021.10.06"]
[SourceQuality "1"]

1. e4 e6 2. d4 d5 3. e5 c5 4. c3 Nc6 5. Nf3 Qb6 6. dxc5 Bxc5 7. Qe2 Bd7 8. Nbd2 a6 9. a3 Qa7 10. b4 Bb6 11. Nb3 Nge7 12. g3 Ng6 13. Bg2 Nce7 14. O-O Bb5 15. Qd2 Bxf1 16. Bxf1 O-O 17. Bb2 Rfd8 18. Nbd4 Rac8 19. Kg2 Qb8 20. Re1 Nc6 21. Nxc6 Rxc6 22. Bd3 Qc7 23. Nd4 Bxd4 24. cxd4 Qe7 25. Bxg6 fxg6 26. Re2 b5 27. Qd1 Rdc8 28. Qb3 Qc7 29. a4 Rc2 30. Re3 Rf8 31. axb5 Rfxf2+ 32. Kh3 Rxh2+ 33. Kg4 h5+ 34. Kg5 Qe7+ 35. Kxg6 Qf7+ 36. Kg5 Qf5# 0-1

[Event "Hull CC-ch C"]
[Site "Gatineau CAN"]
[Date "2007.04.03"]
[Round "4"]
[White "Iyamuremye, Gervais"]
[Black "Kennedy, Phillip"]
[Result "0-1"]
[WhiteElo "1604"]
[BlackElo "1291"]
[PlyCount "92"]
[GameId "2160767910710007"]
[EventDate "2007.03.13"]
[EventType "swiss"]
[EventRounds "5"]
[EventCountry "CAN"]

1. e4 c5 2. Nc3 Nc6 3. Bc4 e6 4. h3 d6 5. Nf3 Nf6 6. d3 Be7 7. O-O O-O 8. Re1 h6 9. a3 a6 10. Bf4 e5 11. Bh2 b5 12. Ba2 Bb7 13. Nd5 Kh8 14. c3 Re8 15. Nxf6 Bxf6 16. Bxf7 Rf8 17. Bd5 Qd7 18. Rf1 Ne7 19. Bxb7 Qxb7 20. Bg3 Ng6 21. Nd2 Bg5 22. Nf3 Bf4 23. Nh4 Nxh4 24. Bxh4 g5 25. Bg3 Bxg3 26. fxg3 c4 27. Rxf8+ Rxf8 28. Qe2 Qb6+ 29. Kh2 Rf2 30. Qh5 Kg7 31. dxc4 bxc4 32. Rd1 Qxb2 33. Rg1 Qxc3 34. h4 Qe3 35. hxg5 hxg5 36. Rb1 Rxg2+ 37. Kxg2 Qxe4+ 38. Kh2 Qxb1 39. Qxg5+ Qg6 40. Qe7+ Kh6 41. Qf8+ Kh5 42. Qf3+ Kh6 43. Qf8+ Kg5 44. Qd8+ Kg4 45. Qc8+ Kf3 46. Qc6+ e4 0-1

[Event "Hull CC-ch C"]
[Site "Gatineau CAN"]
[Date "2007.04.03"]
[Round "4"]
[White "Jiang, Qizhe"]
[Black "Sunatori, Evelyne"]
[Result "0-1"]
[WhiteElo "959"]
[BlackElo "1103"]
[PlyCount "128"]
[GameId "2160767910710008"]
[EventDate "2007.03.13"]
[EventType "swiss"]
[EventRounds "5"]
[EventCountry "CAN"]
[SourceTitle "EXT 2022"]
[Source "ChessBase"]
[SourceDate "2021.10.06"]
[SourceVersion "1"]
[SourceVersionDate "2021.10.06"]
[SourceQuality "1"]

1. e4 e5 2. Nf3 Nc6 3. Nc3 Nf6 4. d3 Bc5 5. Qe2 O-O 6. g3 d6 7. Bg2 Nd4 8. Nxd4 Bxd4 9. O-O h6 10. Qe1 Be6 11. Be3 Bxe3 12. Qxe3 Ng4 13. Qd2 c6 14. Rfe1 d5 15. exd5 cxd5 16. h3 Nf6 17. Rxe5 Qd7 18. Kh2 d4 19. Ne4 Nxe4 20. Rxe4 Rfe8 21. Ree1 Re7 22. Qb4 Rb8 23. Re4 Ree8 24. Rxd4 Qc7 25. c4 Qb6 26. Qc3 Bf5 27. c5 Qf6 28. Rc4 Qxc3 29. Rxc3 b6 30. d4 bxc5 31. dxc5 Re2 32. f3 Rexb2 33. c6 g5 34. Kg1 h5 35. f4 gxf4 36. gxf4 Kh8 37. c7 Rg8 38. Kh1 Rbxg2 39. Ra3 Rc2 40. Rxa7 Bxh3 41. Rb7 Rc8 42. Rb8 R2xc7 43. Rxc8+ Bxc8 44. Kh2 f5 45. Kg3 Kg7 46. Kh4 Kh6 47. Kg3 Kg6 48. Kh4 Be6 49. a4 Rc4 50. a5 Rxf4+ 51. Kh3 Bd5 52. a6 Re4 53. a7 Re8 54. Ra6+ Kg5 55. Ra1 f4 56. Rg1+ Kf5 57. Rh1 Bxh1 58. Kh2 Bc6 59. Kg1 Re7 60. Kf2 Rxa7 61. Kf1 Ra2 62. Kg1 h4 63. Kf1 h3 64. Kg1 h2+ 0-1